Handbook of House Property. A popular and practical guide to purchase, mortgage, tenancy and compulsory sale of houses and land including dilapidations and fixtures (Record no. 98094)

MARC details
000 -LEADER
fixed length control field 00574cam a2200181 4500
001 - CONTROL NUMBER
control field D14015
008 - FIXED-LENGTH DATA ELEMENTS--GENERAL INFORMATION
fixed length control field 090401t1904 xxu||||| |||| 00| 0 eng d
035 ## - SYSTEM CONTROL NUMBER
System control number (Sirsi) u94601
041 ## - LANGUAGE CODE
Language code of text/sound track or separate title eng
100 ## - MAIN ENTRY--PERSONAL NAME
Personal name Tarbuck, Edward Lance
245 ## - TITLE STATEMENT
Title Handbook of House Property. A popular and practical guide to purchase, mortgage, tenancy and compulsory sale of houses and land including dilapidations and fixtures
260 ## - PUBLICATION, DISTRIBUTION, ETC.
Place of publication, distribution, etc. London
Name of publisher, distributor, etc. Crosby Lockwood and Son
Date of publication, distribution, etc. 1904
300 ## - PHYSICAL DESCRIPTION
Extent xi,299p. ; 18cm.
350 ## - PRICE (NR) (BK AM CF MU VM SE) [OBSOLETE]
Price 0
520 ## - SUMMARY, ETC.
Summary, etc. Shelf 135
942 ## - ADDED ENTRY ELEMENTS (KOHA)
Suppress in OPAC 0
948 ## - LOCAL PROCESSING INFORMATION (OCLC); SERIES PART DESIGNATOR (RLIN)
c (OCLC) 04/03/1997
Holdings
Withdrawn status Lost status Source of classification or shelving scheme Damaged status Not for loan Home library Current library Shelving location Date acquired Total Checkouts Full call number Barcode Date last seen Copy number Price effective from Koha item type
    Other/Generic Classification Scheme     London London Basement 11/08/2000   SHELF 135 30009084 06/08/2019 1 06/08/2019 Reference material